1220 1306 1341 1327 1762 1552 1630 1151 1039 1161 1949 1255 1954 1000 1391 1023 1763 1860 1095 1701 1920 1493 1775 1269 1697 1453 1544 1452 1154 1470 1088 1157 1823 1955 1203 1775 1907 1673 1913 1497 1374 1255 1658 1416 1158 1358 1380 1098 1532 1121 1708 1859 1164 1297 1473 1686 1743 1765 1648 1212 1067 1053 1085 1650 1204 1352 1667 1528 1742 1909 1618 1062 1536 1761 1007 1990 1544 1522 1194 1246 1943 1312 1810 1441 1665 1767 1945 1644 1657 1664 1379 1740 1696 1551 1433 1290 1396 1985 1442 BCNSPRNW ULIB Ver.6.0+V

เปลี่ยนเป็นภาษาไทย

Change to English
 แสดงรายละเอียดบรรณานุกรม
  กลับหน้าหลัก

Brief Record : Get Marc (ISO 2709) : E-mail record : QR code < ปิดหน้าต่าง
LEADER : 00000nas 2200000uu 4500
001    13399124760
003     ULIB
008    160309s||||||||th 000 0 tha d
022    ^a19061773
110    ^aสถาบันพระบรมราชชนก
245    ^aวารสารการพยาบาลและการศึกษา(วิทยาเขตนครสวรรค์)/^cสถาบันพระบรมราชชนก
260    ^aนนทบุรี :^bสถาบันพระบรมราชชนก,^cม.ป.ป.
310    ^aรายสามเดือน
850 ^a ULIB:campus^bปีที่ 8 ฉบับที่ 4 ฉ.1
945    ^p0^l0^i801592
999    ^aทศพร เกษรทอง
รายการนี้ยังไม่มีแท็ก
คุณยังไม่ได้ล็อกอิน คุณสามารถมีกิจกรรมร่วมกับเว็บไซต์ได้ แต่ต้องล็อกอินก่อน ::
  ล็อกอิน

รายการสื่อสารสนเทศ (วารสาร)

ดูแบบ: กล่อง รายการ
ARRIVED
ปีที่ 8 ฉบับที่ 4 ฉ.1
สถานที่: ห้องสมุดวิทยาเขตนครสวรรค์ >วารสาร

BibComment


ยังไม่เคยถูกคอมเมนท์

คอมเมนท์ทรัพยากรรายการนี้
  คอมเมนท์: วารสารการพยาบาลแ..


 Copyright 2026. Bcnsprnw @Library